000 00434nam a2200181Ia 4500
001 14688
005 20260306164932.0
008 260306t2006||||xx |||||||||||||| ||spa||
041 _aESP
082 _a515.63
_bT48 V. 1 2006
100 _aThomas, George B.
_eAUT
245 0 _aCálculo:
_buna variable
260 _c2006
300 _axvi, 684 páginas :
_c27 cm.
650 _aGEN
654 _aCMA
942 _cLIB
_dJUS
_fJUS
_2ddc
_n
999 _c14688
_d14688